EA FC26 All Gold Belgium Players - Statistics

General Stats
  • This quiz has been taken 59 times
  • The average score is 21 of 49
Answer Stats
Rate Club Answer % Correct
87 Man City Kevin de Bruyne
100%
89 Real Madrid Thibaut Courtois
100%
83 Arsenal Leandro Trossard
95%
85 Aston Villa Youri Tielemans
95%
84 Napoli Romelu Lukaku
86%
81 Al Shabab Yannick Carrasco
83%
80 Man City Jeremy Doku
81%
83 Juventus Lois Openda
79%
79 Aston Villa Amadou Onana
69%
83 Nottingham Matz Sels
69%
82 Atalanta Charles de Ketelaere
64%
80 Club Brugge Hans Vanaken
64%
78 Chelsea Romeo Lavia
60%
79 Milan Alexis Saelemaekers
55%
82 Al Qadsiah Koen Casteels
55%
80 Frankfurt Arthur Theate
52%
80 Brighton Maxim de Cuyper
52%
77 Girona Axel Witsel
50%
76 Fulham Timothy Castagne
50%
78 Man United Senne Lammens
48%
78 Sporting Zeno Debast
45%
82 Benfica Dodi Lukebakio
43%
76 Lille Thomas Meunier
43%
77 Marseille Arthur Vermeeren
38%
78 Lyon Malick Fofana
36%
76 Club Brugge Brandon Mechele
33%
77 Frankfurt Michy Batshuayi
33%
75 DC United Christian Benteke
31%
78 Leipzig Johan Bakayoko
31%
75 Real Oviedo Leander Dendoncker
31%
77 Lyon Orel Mangala
31%
77 Rangers Nicolas Raskin
24%
75 Celtic Arne Engels
21%
77 Strasbourg Diego Moreira
19%
75 Hamburg Albert Sambi Lokonga
17%
78 Genk Bryan Heynen
17%
77 Nice Charles Vanhoutte
17%
77 Chicago Fire Hugo Cuypers
17%
76 Leipzig Maarten Vandevoordt
17%
75 Saint Etienne Lucas Stassin
14%
76 Union SG Rob Schoofs
14%
76 Werder Bremen Senne Lynen
14%
77 Anderlecht Colin Coosemans
12%
75 Genk Jarne Steuckers
10%
76 Genk Matte Smets
10%
75 Anderlecht Adriano Bertaccini
7%
77 FC Koln Alessio Castro-Montes
7%
76 KAA Gent Davy Roef
7%
75 KV Mechelen Ortwin de Wolf
5%
No matching quizzes found
Score Distribution
Percent of People with Each Score
Percentile by Number Answered
Your Score History
You have not taken this quiz